<?xml version="1.0" encoding="UTF-8"?>
<collection xmlns="http://www.loc.gov/MARC21/slim">
 <record>
  <leader>01275nam a22002051  4500</leader>
  <controlfield tag="001">1/21833</controlfield>
  <controlfield tag="008">020826s2002    gr       m    0 11  gre d</controlfield>
  <datafield tag="035" ind1=" " ind2=" ">
   <subfield code="l">22537</subfield>
  </datafield>
  <datafield tag="040" ind1=" " ind2=" ">
   <subfield code="a">GR-PeUP</subfield>
  </datafield>
  <datafield tag="082" ind1="0" ind2="0">
   <subfield code="a">347.15 ΓΚ</subfield>
  </datafield>
  <datafield tag="100" ind1="1" ind2=" ">
   <subfield code="a">Γκαραγκάνη, Ευαγγελία Π.</subfield>
  </datafield>
  <datafield tag="245" ind1="1" ind2="0">
   <subfield code="a">Προστασία προσωπικών δεδομένων καταναλωτών στο ηλεκτρονικό εμπόριο υπό το πρίσμα των αρχών διοίκησης ολικής ποιότητας κοινοτικές και εθνικές νομοθετικές ρυθμίσεις /</subfield>
   <subfield code="c">Ευαγγελία Παναγιώτη Γκαραγκάνη</subfield>
  </datafield>
  <datafield tag="260" ind1=" " ind2=" ">
   <subfield code="a">Πειραιάς :</subfield>
   <subfield code="b">[χ.ό.],</subfield>
   <subfield code="c">2002</subfield>
  </datafield>
  <datafield tag="300" ind1=" " ind2=" ">
   <subfield code="a">193 σ. ;</subfield>
   <subfield code="c">30 εκ.+</subfield>
   <subfield code="e">1disc</subfield>
  </datafield>
  <datafield tag="502" ind1=" " ind2=" ">
   <subfield code="a">Διπλωματική (Δ.Ε.)--Πανεπιστήμιο Πειραιώς, 2002.</subfield>
  </datafield>
  <datafield tag="650" ind1=" " ind2="4">
   <subfield code="a">Διατριβές.</subfield>
  </datafield>
  <datafield tag="650" ind1=" " ind2="4">
   <subfield code="a">Αστικό δίκαιο.</subfield>
  </datafield>
  <datafield tag="650" ind1=" " ind2="4">
   <subfield code="a">Προσωπικά δεδομένα, Προστασία.</subfield>
  </datafield>
  <datafield tag="710" ind1="2" ind2=" ">
   <subfield code="a">Πανεπιστήμιο Πειραιώς. Τμήμα Οργάνωσης και Διοίκησης Επιχειρήσεων.</subfield>
  </datafield>
  <datafield tag="852" ind1=" " ind2=" ">
   <subfield code="a">INST</subfield>
   <subfield code="b">UNIPILB</subfield>
   <subfield code="c">DISS</subfield>
   <subfield code="e">20040709</subfield>
   <subfield code="h">347.15 ΓΚ</subfield>
   <subfield code="p">00140365</subfield>
   <subfield code="q">00140365</subfield>
   <subfield code="t">NOLOAN</subfield>
   <subfield code="y">23</subfield>
   <subfield code="4">1</subfield>
  </datafield>
 </record>
</collection>
